000 00703nam a2200229Ia 4500
003 OSt
005 20220926035853.0
006 a|||||r|||| 00| 0
007 ta
008 220923b |||||||| |||| 00| 0 eng d
037 _cGeneral Book
040 _aRTL
_cRTL
_beng
041 _2eng
_aeng
082 _aX.58.N5s, J8-;1
110 _aCentral Statistical Board of the USSR Council of Ministers
_9342725
245 0 _aForty years of Soveit powers in facts and figures
260 _c1958
650 _aEconomic Condition Russia
700 _aCentral Statistical Board of the USSR Council of Ministers
_9342726
942 _hX.58.N5s, J8-;1
_cGB
_2CC
999 _c663274
_d663274